[Event "TUR-chT2"]
[Site "Konya"]
[Date "2014.06.25"]
[Round "4.3"]
[White "Gulay, Ayca Nuriye"]
[Black "Simsek, Meltem"]
[Result "1/2-1/2"]
[WhiteElo "1653"]
[BlackElo "1731"]
[PlyCount "45"]
[EventDate "2014.06.23"]
[EventType "team-swiss"]
[EventRounds "9"]
[EventCountry "TUR"]
[SourceTitle "CBM 161 Extra"]
[Source "ChessBase"]
[SourceDate "2014.08.29"]
[SourceVersion "1"]
[SourceVersionDate "2014.08.29"]
[SourceQuality "1"]
[WhiteTeam "Samandag Altin"]
[BlackTeam "Callica"]
[WhiteTeamCountry "TUR"]
[BlackTeamCountry "TUR"]

1. e4 c6 2. d4 d5 3. Nc3 dxe4 4. Nxe4 Bf5 5. Ng3 Bg6 6. h4 h6 7. h5 Bh7 8. c3 Nd7 9. Bd3 Bxd3 10. Qxd3 e6 11. Bf4 Ngf6 12. 0-0-0 Nd5 13. Bd2 Qc7 14. Kb1 N5f6 15. Re1 0-0-0 16. f4 Bd6 17. N1e2 c5 18. Rc1 c4 19. Qc2 Nd5 20. Rcf1 f5 21. b4 N7f6 22. Rf3 Rhe8 23. a4 1/2-1/2

[Event "TUR-chT2"]
[Site "Konya"]
[Date "2014.06.24"]
[Round "2.3"]
[White "Simsek, Meltem"]
[Black "Nurlu, Selin"]
[Result "1-0"]
[WhiteElo "1731"]
[BlackElo "1575"]
[PlyCount "67"]
[EventDate "2014.06.23"]
[EventType "team-swiss"]
[EventRounds "9"]
[EventCountry "TUR"]
[SourceTitle "CBM 161 Extra"]
[Source "ChessBase"]
[SourceDate "2014.08.29"]
[SourceVersion "1"]
[SourceVersionDate "2014.08.29"]
[SourceQuality "1"]
[WhiteTeam "Callica"]
[BlackTeam "Karsiyaka Ihtisas"]
[WhiteTeamCountry "TUR"]
[BlackTeamCountry "TUR"]

1. d4 d5 2. c4 e6 3. Nc3 Nf6 4. Bg5 Be7 5. e3 0-0 6. Nf3 c6 7. Rc1 Nbd7 8. Bd3 dxc4 9. Bxc4 Nd5 10. Bxe7 Qxe7 11. 0-0 Re8 12. Bb3 Rb8 13. e4 Nxc3 14. Rxc3 Nf6 15. Bc2 Rd8 16. Qd3 Nh5 17. e5 g6 18. Qe3 f6 19. g4 Ng7 20. exf6 Qxf6 21. Qh6 Rd5 22. Bb3 Rxd4 23. Nxd4 Qxd4 24. Rd1 Qxg4+ 25. Rg3 Qe4 26. Rd8+ Kf7 27. Qxh7 Qe1+ 28. Kg2 Qe4+ 29. Rf3+ Ke7 30. Rdf8 Qg4+ 31. Kf1 Qg5 32. Qxg7+ Kd6 33. Qd4+ Kc7 34. R3f7+ 1-0